| 000 | 00348nam a22001337a 4500 | ||
|---|---|---|---|
| 020 | _a0-00-766750-7 | ||
| 082 |
_a823 _bMAR/T |
||
| 100 | _aSTINE, MEGAN | ||
| 245 |
_aMARY-KATE AND ASHLEY TWO OF A KIND _bHOW TO FLUNK YOUR FIRST DATE |
||
| 260 |
_aNEW YORK _bPARACHUTE PRESS BOOK _c2002 |
||
| 300 | _a88 | ||
| 650 |
_aNOVEL _zUNITED STATES |
||
| 942 | _cBK | ||
| 999 |
_c2481 _d2481 |
||